| 000 | 00518nam a2200193Ia 4500 | ||
|---|---|---|---|
| 003 | GCL | ||
| 008 | 140319s9999 xx 000 0 eng d | ||
| 040 |
_aGCL / _cGCL |
||
| 082 | 0 | 4 |
_aCC _b932 _bP R |
| 100 | 1 | _aCARNEGIE MUSEUM | |
| 245 | 1 | 0 |
_aREFLECTIONS OF GREATNESS ANCIENT EGYPT / _cCARNEGIE MUSEUM |
| 260 |
_a[S.N] : _bCARNEGIE MUSEUM ، _c1990 |
||
| 300 | _a118 P | ||
| 650 | 0 | 4 | _aحسن فتحى |
| 650 | 0 | 4 | _aEGYPTOLOGY |
| 650 | 0 | 4 | _aEGYPT - CIVILIZATION |
| 650 | 0 | 4 | _aEGYPT - ANTIQUITIES |
| 942 |
_2ddc _cBK |
||
| 999 |
_c20384 _d20384 |
||